000
00198nam a22000977a 4500
082
_a
823
100
_a
ASHPAK M MULLA
245
_a
BRAVE RAMU AND THE WILD PIGS
650
_a
ENGLISH STORY
942
_c
BK
999
_c
8490
_d
8490